Wine Regions of Australia - Statistics

General Stats
  • This quiz has been taken 319 times
    318 since last reset
  • The average score is 12 of 24
Answers on the Map
Answers color-coded by a green-red scale on the quiz's map according to % correct below.
 
Answer Stats
Answer % Correct
Tasmania
84%
New South Wales
64%
Western Australia
62%
Hunter Valley
59%
South Australia
58%
Margaret River
56%
Mornington Peninsula
56%
Victoria
54%
Coonawarra
53%
Adelaide Hills
51%
Great Southern Region
51%
Geelong
48%
Murray-Darling
47%
Eden Valley
46%
Barossa
45%
Yarra Valley
45%
Riverina
43%
Riverland
42%
Clare Valley
41%
McLaren Vale
41%
Barossa Valley
40%
Heathcote
35%
Rutherglen
35%
Goulburn Valley
33%
No matching quizzes found
Score Distribution
Percent of People with Each Score
Percentile by Number Answered
Your Score History
You have not taken this quiz since the last reset